000 00675nam a2200277Ia 4500
005 20260324122331.0
008 008 260324s9999 xx 000 0 eng d
020 _a9781315165981
037 _aEBOOK
040 _aCRL
040 _beng
040 _cCRL
041 _2eng
041 _aeng
084 _qCRL
100 _aLorrin R Thomas; Aldo A Lauria Santiago
_91166043
245 0 _aRethinking the Struggle for Puerto Rican Rights
260 _bTaylor and Francis
260 _c2013
365 _a
365 _b230
856 _uhttp://www.taylorfrancis.com/books/9781315165981
942 _cEBOOK
999 _c1758693
_d1758693